000 01252nam a22003131i 4500
999 _c174813
_d174813
003 OSt
005 20191105165639.0
008 191105t20182018my |||er||||a001 0 eng d
020 _a9789674125462
_cRM 30.00
_qpaperback
040 _aPPAK
_beng
_cPPAK
_erda
082 0 4 _223
_a297.122861
090 0 0 _a297.122861
_bINS
_dG
245 1 0 _aINSTITUSI PERUBATAN ISLAM Akal Budi Melayu /
_cdisunting oleh Nazri Muslim, Abdul Latif Samian
264 1 _aBangi, Selangor :
_bPenerbit Universiti Kebangsaan Malaysia,
_c2018
264 4 _c©2018
300 _a 161 pages ;
_c23 cm
336 _2rdacontent
_atext
337 _2rdamedia
_aunmediated
338 _2rdacarrier
_avolume
500 _aIncludes index.
504 _aBibliography: pages 151-158
520 _aProvides suggestions for container gardening, wreaths from natural materials, flower arrangements using wild items, and holiday decorations, and considers possibilities for each of the seasons as well as for Christmas time.
650 1 0 _aMedicine
_xReligious aspects
_xIslam
650 2 0 _aMedicine in the Qur'an
_zMalaysia
650 2 0 _aGovernment publications
_zMalaysia
700 1 _aNazri Muslim,
_eeditor.
700 1 _aAbdul Latif Samian,
_eauthor.
942 _2ddc
_cB